00210nam a22000977a 4500008004100000082001100041245002600052260000900078300001000087440001500097180806b xxu||||| |||| 00| 0 eng d a813.52 aPhysioEX 9.0cPearson c2011 a1fCD x0321811402